| 000 | 01137cam a2200241 4500 | ||
|---|---|---|---|
| 001 | ABS67137 | ||
| 008 | 031030n2003 000 0 eng u | ||
| 035 | _a(Sirsi) u124197 | ||
| 100 | _aSmall, M. | ||
| 245 | _aAustralian building law | ||
| 260 | _c2003 | ||
| 490 |
_aAccess by Design _v (96) Autumn 2003, 25-27(3) |
||
| 520 | _aReports on the progress of the Australian Disability Discrimination Act 1993. Highlights its objectives and the way it has been altered and complimented by other legislation. Concludes that changes to the Building Code of Australia and draft Premises Standards are nearly complete and alongside the beginning of work on the Regulatory Impact Statement will complete a package on the issue of disabled access. | ||
| 590 | _aABS | ||
| 650 | _aAUSTRALIA | ||
| 650 | _aBUILDING CODE OF AUSTRALIA | ||
| 650 | _aPREMISES STANDARD | ||
| 650 | _aAUSTRALIAN DISABILITY DISCRIMINATION ACT 1993 | ||
| 650 | _aREGULATORY IMPACT STATEMENT | ||
| 650 | _aMANAGEMENT-BUSINESS MANAGEMENT-DISCRIMINATION-DISABILITY DISCRIMINATION-ACCESSIBILITY | ||
| 690 | _aBUILT ENVIRONMENT-BUILDING STANDARDS | ||
| 942 | _n0 | ||
| 999 |
_c73725 _d73725 |
||